000
00279nam a2200133Ia 4500
100
_a
Hakala D
942
_c
BK
654
_a
Moderns made easy
245
_a
Moderns made easy
260
_b
Osborne
_a
New York
_c
1995
082
_a
621.380413
546
_a
ENGLISH
999
_c
33756
_d
33756